000 00993nam a22002777a 4500
001 BR0001039
003 BR-BrBNA
005 20230928100554.0
007 ta
008 230509b bl.||||| |||| 00| 0 por d
040 _aBR-BrBNA
_bpor
_cBiblioteca Nacional de Agricultura
041 _a(Por)
072 _aH01; D50
090 _ H01 BR0001039
110 1 _aConselho Regional de Engenharia, Arquitetura e Agronomia do Estado de Goias, Goiania (Brasil)
_92728
111 1 _a4. Congresso Nacional de Agrotoxicos e Receituario Agronomico
_cGoiania, GO (Brazil)
_d2-4 Sep 1998
245 1 _aAnais do 4. Congresso Nacional de Agrotoxicos e Receituario Agronomico; uso racional de agrotoxicos: implicacoes na qualidade de vida em uma economia globalizada
260 3 _aGoiania, GO (Brasil):
_c1998.
300 _a142 p.
500 _a12 ref.
650 _aAgrotoxico
650 _aReceituario Agronomico
650 _aLegislacao
909 _a202309
_bLucia
_c55
_dLucia Elande
942 _cBK
999 _c61864
_d61864